000 00631nam a2200217 i 4500
001 bg
100 1 _aHORLA, Dariusz
245 1 0 _aPodstawy automatyki :
_bćwiczenia rachunkowe.Cz. /
_cDariusz Horla
_n2.
260 _aPoznań :
_bWydaw. Politechniki Poznańskiej,
_c2004.
300 _a142, [1] s. :
_bil. ;
_c24 cm.
504 _aBibliogr.
650 9 _aAutomatyka
655 _aĆwiczenia i zadania dla szkół wyższych
020 _a8371432089 (cz. 2)
040 _cBPK
041 0 _apol
080 _a681.5(075.8)(076)
920 _a83-7143-208-9 (cz. 2)
942 _cKS
008 s pl f |000 0 pol
999 _c44557
_d44557
856 _uhttp://koha.tu.koszalin.pl/cgi-bin/koha/opac-detail.pl?biblionumber=44557
_yKatalog online BPK